• 首页
  • 本馆介绍
  • 公告通知
  • 最新文献
  • 馆藏检索
  • 电子资源
  • 读者导购
  • 参考咨询
  • 我的图书馆
  • 登录
  • 详细信息显示
  • 放入我的书架
  • 预约/预借图书
  • 作者相关作品
  • 分类相关作品
  • 丛书相关作品
  • 出版社相关作品

书目信息

  • 表格格式
  • 工作单格式
  • 卡片格式
题名:
3ds Max实用教程
    
 
作者: 王健 , 江雪梅 , 刘娟 主编
分册:  
出版信息: 北京   兵器工业出版社  2015.09
页数: 228页
开本: 26cm
丛书名: 电脑与设计系列丛书
单 册:
中图分类: TP391.414 , TP391.41
科图分类:
主题词: 三维动画软件--教材
电子资源:
ISBN: 978-7-5181-0128-3
000 01002oam2 2200289 450
001 4892
005 20181013145148.57
010    @a978-7-5181-0128-3@dCNY68.00
100    @a20160826d2015 em y0chiy50 ea
101 0  @achi
102    @aCN@b110000
105    @aa z 000yy
200 1  @a3ds Max实用教程@93ds Max shi yong jiao cheng@f王健,江雪梅,刘娟主编
210    @a北京@c兵器工业出版社@d2015.09
215    @a228页@c图@d26cm
225 1  @a电脑与设计系列丛书
330    @a本书共10章,内容包括3ds Max 2014概述、3ds Max 2014的基本操作、基本对象的创建、对象的编辑修改、基本材质与贴图、灯光与摄影机、动画制作基础、粒子系统和空间扭曲、环境与特效的应用、渲染输出。
461  0 @12001 @a电脑与设计系列丛书
606 0  @a三维动画软件@j教材
610 0  @a3ds Max
690    @aTP391.414@v5
690    @aTP391.41@v4
701  0 @a王健@9wang jian@4主编
701  0 @a江雪梅@9jiang xue mei@4主编
701  0 @a刘娟@9liu juan@4主编
801  0 @aCN@b91MARC@c20160826
905    @aMuseLib@dTP391.41@e1617
    
    3ds Max实用教程/王健,江雪梅,刘娟主编.-北京:兵器工业出版社,2015.09
    228页:图;26cm.-(电脑与设计系列丛书)
    
    
    ISBN 978-7-5181-0128-3:CNY68.00
    本书共10章,内容包括3ds Max 2014概述、3ds Max 2014的基本操作、基本对象的创建、对象的编辑修改、基本材质与贴图、灯光与摄影机、动画制作基础、粒子系统和空间扭曲、环境与特效的应用、渲染输出。
●
相关链接 在E读中查询图书 在五车中查询图书 在当当中查询图书 在豆瓣中查询图书


正题名:3ds Max实用教程     索取号:TP391.41/1617         预约/预借

序号 登录号 条形码 馆藏地/架位号 状态 备注
1 1127112   211271121   第二样本阅览室/ [索取号:TP391.41/1617] 在馆    
2 1127113   211271130   第三借阅区/ [索取号:TP391.41/1617] 在馆    
3 1127114   211271149   第三借阅区/ [索取号:TP391.41/1617] 在馆    
4 1127115   211271158   第三借阅区/ [索取号:TP391.41/1617] 在馆    
5 1127116   211271167   第三借阅区/ [索取号:TP391.41/1617] 在馆    
唐山师范学院图书馆 欢迎您!
大连网信软件有限公司© 版权所有